Every US city with over 200k population - Statistics

General Stats
  • This quiz has been taken 593 times
    218 since last reset
  • The average score is 90 of 129
Answers on the Map
Answers color-coded by a green-red scale on the quiz's map according to % correct below.
 
Answer Stats
Population City % Correct
759,915 Seattle
96%
3,795,936 Los Angeles
94%
622,882 Portland
94%
2,638,159 Chicago
92%
8,097,282 New York City
92%
984,567 Austin
91%
460,289 Miami
91%
646,622 Boston
90%
1,302,753 Dallas
90%
2,319,119 Houston
90%
1,662,607 Phoenix
90%
788,478 San Francisco
90%
511,532 Kansas City
89%
665,640 Las Vegas
89%
709,330 Oklahoma City
89%
1,388,996 San Diego
89%
681,683 Washington D.C.
89%
357,767 New Orleans
88%
1,533,828 Philadelphia
88%
284,469 Anchorage
87%
514,465 Atlanta
87%
716,234 Denver
87%
631,524 Detroit
87%
678,859 El Paso
87%
339,558 Honolulu
87%
997,164 Jacksonville
87%
1,513,974 San Antonio
87%
408,510 Tampa
87%
235,216 Boise
86%
526,669 Sacramento
86%
273,720 Buffalo
85%
200,167 | 915,427 Columbus
85%
556,111 Milwaukee
85%
423,250 Minneapolis
85%
212,570 Salt Lake City
85%
613,110 Memphis
84%
687,150 Nashville
84%
325,044 Orlando
84%
558,736 Albuquerque
83%
559,266 Baltimore
82%
876,665 Indianapolis
82%
303,413 Pittsburgh
82%
923,164 Charlotte
81%
359,606 Cleveland
81%
996,756 Fort Worth
81%
301,380 St. Paul
81%
311,595 Cincinnati
80%
620,004 Louisville
80%
956,433 San Jose
80%
229,527 Spokane
80%
275,506 St. Louis
80%
548,772 Tucson
80%
491,441 Colorado Springs
78%
209,232 Des Moines
77%
230,017 Richmond
77%
217,342 Baton Rouge
76%
546,718 Fresno
76%
282,005 Madison
76%
480,194 Omaha
76%
487,942 Raleigh
76%
278,226 Reno
76%
203,650 Tallahassee
76%
295,798 Lincoln
75%
204,244 Little Rock
75%
223,968 Tacoma
75%
435,024 Oakland
74%
411,308 Tulsa
73%
416,081 Bakersfield
72%
451,637 Virginia Beach
71%
210,734 Sioux Falls
70%
206,078 Rochester
69%
263,646 Toledo
69%
395,484 Wichita
69%
513,567 Mesa
68%
303,065 Newark
68%
316,105 Corpus Christi
67%
343,382 Henderson
67%
264,982 St. Petersburg
67%
240,548 | 399,825 Arlington
66%
292,623 North Las Vegas
66%
291,559 Jersey City
65%
200,400 Knoxville
65%
444,095 Long Beach
65%
203,035 Amarillo
63%
338,463 Anaheim
62%
397,811 Aurora
62%
300,100 Durham
62%
271,865 Fort Wayne
62%
269,833 Lubbock
62%
228,616 Huntsville
61%
319,329 Lexington
61%
320,121 Riverside
61%
319,065 Stockton
60%
228,643 Norfolk
59%
310,304 Santa Ana
59%
206,544 Yonkers
59%
304,279 Greensboro
58%
208,476 Worcester
58%
255,490 Glendale
57%
258,306 Laredo
57%
245,231 Scottsdale
57%
254,032 Winston-Salem
57%
200,512 Augusta
56%
273,841 Chula Vista
56%
234,132 Cape Coral
53%
224,274 San Bernardino
53%
316,691 Irvine
48%
218,989 Modesto
47%
281,107 Chandler
46%
253,561 Irving
46%
257,756 Port St. Lucie
46%
224,800 Fremont
45%
242,523 Garland
44%
277,490 Gilbert
44%
255,254 Chesapeake
43%
220,930 Hialeah
43%
291,450 Plano
43%
209,942 Fayetteville
40%
221,235 Santa Clarita
40%
201,001 Peoria
35%
232,424 Frisco
32%
217,561 Fontana
28%
218,846 McKinney
28%
213,566 Moreno Valley
28%
244,958 Enterprise
27%
204,093 Grand Prairie
26%
227,067 Spring Valley
16%
No matching quizzes found
Score Distribution
Percent of People with Each Score
Percentile by Number Answered
Your Score History
You have not taken this quiz since the last reset